000 00281nam a22001337a 4500
008 170411b xxu||||| |||| 00| 0 eng d
020 _a261419
041 _aeng
080 _a612.39
100 _a10
101 _aSHM
245 _aNUTRITION & YOU
_cBLAKE, J.S
942 _2udc
_cBK
999 _c10436
_d10436